| 000 | 00577nam a2200169 a 4500 | ||
|---|---|---|---|
| 005 | 20140412111232.0 | ||
| 008 | 020409s19uu xx 00 eng d | ||
| 020 | _a971-771-007-4 | ||
| 050 |
_aFil 792.028 _bT28 1997 |
||
| 100 | _aTesoro, Nina P. | ||
| 245 |
_aWhen I grow up I want to be and actress : _b(paglaki ko gusto kong maging aktres) / _cby Nina P. Tesoro; photographs by Jaime Unson. |
||
| 260 |
_aManila, Philippines : _bMuseo Pambata Foundation, Inc, _c1998. |
||
| 440 | _aMuseo Pambata | ||
| 650 | _aActresses | ||
| 650 | _aVocational interest | ||
| 999 |
_c102240 _d102240 |
||